[Event "Araraquara op 2nd"]
[Site "Araraquara"]
[Date "2024.02.11"]
[Round "4"]
[White "Tsiloufas, Elena Maria"]
[Black "Santana, Expedito"]
[Result "0-1"]
[WhiteElo "1629"]
[BlackElo "1408"]
[PlyCount "77"]
[EventDate "2024.02.10"]
[EventType "swiss"]
[EventRounds "7"]
[EventCountry "BRA"]
[SourceTitle "CB09_2024"]
[SourceDate "2024.02.28"]
[SourceVersion "1"]
[SourceVersionDate "2024.02.28"]
[SourceQuality "1"]

1. e4 c6 2. d4 d5 3. exd5 cxd5 4. h3 Bf5 5. Nf3 e6 6. Nc3 Bd6 7. Be2 h6 8. 0-0 Nf6 9. Bb5+ Nc6 10. Be3 0-0 11. Qd2 Re8 12. Bf4 a6 13. Be2 Rc8 14. Be3 Bb4 15. a3 Ne4 16. Qe1 Bd6 17. Bd3 Na5 18. Nxe4 dxe4 19. Bxe4 Bxe4 20. c3 Bd3 21. Qd1 Bxf1 22. Qxf1 Qc7 23. g3 Nc4 24. Bc1 Nb6 25. Qg2 Nd7 26. Bd2 Qb6 27. Bc1 Qb3 28. Nd2 Qb5 29. Nf3 Nb6 30. Ra2 Qb3 31. Ra1 Na4 32. Nd2 Qd1+ 33. Kh2 Qe2 34. Kh1 b5 35. Nf1 Qc2 36. Kh2 Nxb2 37. Bxb2 Qxb2 38. Re1 Bxa3 39. Qf3 0-1

[Event "Araraquara op"]
[Site "Araraquara"]
[Date "2023.02.19"]
[Round "2.47"]
[White "Serafim, Paulo Rogerio"]
[Black "Tsiloufas, Elena Maria"]
[Result "1-0"]
[WhiteElo "1468"]
[BlackElo "1800"]
[PlyCount "41"]
[EventDate "2023.02.19"]
[EventType "swiss"]
[EventRounds "6"]
[EventCountry "BRA"]
[SourceTitle "CBM 213 Extra"]
[Source "ChessBase"]
[SourceDate "2023.05.31"]
[SourceVersion "1"]
[SourceVersionDate "2023.05.31"]
[SourceQuality "1"]

1. c4 e5 2. Nc3 Nc6 3. e3 Bb4 4. Qc2 Nf6 5. Nf3 0-0 6. Nd5 Nxd5 7. cxd5 Ne7 8. Nxe5 Nxd5 9. Qc4 Be7 10. Qxd5 c6 11. Qb3 d5 12. d4 Bf5 13. Qxb7 Rb8 14. Qa6 Rb6 15. Qa4 Bb4+ 16. Kd1 Qg5 17. h4 Qh5+ 18. Be2 Qh6 19. e4 Qe6 20. exf5 Qxf5 21. Be3 1-0